| 000 | 01285nam0a22002771 4500 | ||
|---|---|---|---|
| 001 | rc\2646125 | ||
| 005 | 20260608065452.0 | ||
| 035 | _a(NLR Aleph) 006953824 | ||
| 090 |
_a5273353 _c5273353 |
||
| 100 | _a20110608d1928 |||y0rusy50 ca | ||
| 101 | 1 |
_arus _ceng |
|
| 102 | _aRU | ||
| 105 | _aa z ||||| | ||
| 200 | 1 |
_aСокровище красного племени _e[Повесть] _fПер. с англ. и обработка А.В. Кривцовой _gОбложка худож. И. Француза |
|
| 210 |
_aМосква _aЛенинград _cГос. изд-во _d1928 _eМосква _g1-я Образцовая тип. |
||
| 215 |
_a115, [2] с., [3] с. объявл. _cил. _d20×13 см |
||
| 225 | 1 |
_aНовая детская библиотека _eСредний и старший возраст |
|
| 300 | _aНа обороте тит. листа: "Charles Gilson. The treasure of the red tribe" | ||
| 700 | 1 |
_aДжильсон _bЧ. _f1878- _gЧарльз |
|
| 702 | 1 |
_4730 _aКривцова _bА. В. _cпереводчик _f1896-1958 _gАлександра Владимировна _3RU\NLR\AUTH\770153720 _9153682 |
|
| 702 | 1 |
_aФранцуз _bИ. _4440 |
|
| 801 | 0 |
_aRU _bNLR _gpsbo |
|
| 801 | 1 |
_aRU _bELAR _2rusmarc |
|
| 852 |
_aNLR _j44/22 |
||
| 942 | _cBOOK | ||
| 980 | _aNB | ||